000 00535nam a2200229Ia 4500
003 OSt
005 20220916111054.0
006 a|||||r|||| 00| 0
007 ta
008 220915b |||||||| |||| 00| 0 eng d
024 _a248013
037 _cTextbook
040 _beng
_aARTS
_cARTS
041 _aeng
082 _aV73, J5
245 0 _aLook at the U.S.A.
260 _aBoston
_bRiberside Press USA
300 _a522p.
_ccm.
650 _aHISTORY
942 _hV73, J5
_cTB
_2CC
999 _c104984
_d104984